Jugadores Jamaica - Estadísticas

Estadísticas generales
  • Esta prueba ha sido intentada 6 veces
  • La puntuación promedio es 5 de 20
Estadísticas de respuestas
Imagen Respuesta % Correcto
Bailey
100%
Antonio
67%
Blake
67%
Gray
50%
Pinnock
50%
Morgan
33%
Clarke-Harris
17%
De Cordova-Reid
17%
Gray
17%
Holgate
17%
Roofe
17%
Daniel Johnson
0%
Hayden
0%
Karoy Anderson
0%
Kasey Palmer
0%
Lawrence
0%
Leigh
0%
Lowe
0%
Mariappa
0%
Nicholson
0%
No se encontraron pruebas coincidentes
Distribución de puntuación
Porcentaje de gente con cada puntuación
Porcentaje por número respondido
Historial de tus puntuaciones
No has intentado esta prueba.